000 00560cam a22002053a 4500
001 46087
003 PGUSA
005 20140828084100.0
008 140624s2014||||xxu|||||s|||||000 | eng d
040 _aPGUSA
_beng
042 _adc
100 1 _aWood, T. Martin
245 1 0 _aDrawings of Rossetti
_h[electronic resource] /
_cT. Martin Wood
260 _bProject Gutenberg,
_c2014
506 _aPublic domain in the USA.
516 _aElectronic text
830 0 _aProject Gutenberg
_v46087
856 4 0 _uhttp://www.gutenberg.org/ebooks/46087
942 _cEB
999 _c275336
_d275336